00834cam a22002171a 4500001001300000003000400013005001700017008004100034010001700075035001800092040002600110042001200136050001700148100004000165245025800205260006100463300002600524490003600550650001300586999001700599ca 17002706 DLC20260227111105.0720524s1874 nyu 000 0 eng  aca 17002706  a(OCoLC)317303 aDLCcODaWUdPPiUdDLC apremarc00aPE1121b.C351 aCathcart, George R.q(George Rhett)14aThe literary reader :btypical selections from the best British and American authors : from Shakespeare to the present time : chronologically arranged : with bibliographical and critical sketches and numerous notes, etc., etc. /cby George C. Cathcart. aNew York :bIvison, Blakeman, Taylor and Company,c1874. axiv, 426 p. ;c20 cm.0 aThe American educational series 0aReaders. c15201d15201